000 00773cam a2200277 4500
001 J82944
008 090401t1997 xxu||||| |||| 00| 0 eng d
035 _a(Sirsi) u77309
041 _aeng
050 _a333.3309421
110 _aSavills
_92020
245 _aSavills survey of major central London residential developments.
260 _aLondon
_bSavills
_c1997
300 _a36p. : ill.,map ; 30cm.
350 _a217.38
650 _aCENTRAL LONDON
650 _aHOUSING DEVELOPMENT
650 _aRESIDENTIAL CONVERSIONS
650 _aRESIDENTIAL DEVELOPMENT
650 _aRESIDENTIAL PROPERTY
_96266
650 _aSUPPLY
690 _aPROPERTY-PROPERTY DEVELOPMENT
710 _aSavills Residential Research
_93474
942 _n0
948 _c24/03/1997
999 _c96295
_d96295